Kovové a dřevěné konstrukce : Konstrukce vodohospodářských staveb

Salvato in:
Dettagli Bibliografici
Natura: Libro
Lingua:ceco
Pubblicazione: Brno : Vysoké učení technické v Brně, 1986
Tags: Aggiungi Tag
Nessun Tag, puoi essere il primo ad aggiungerne!!

MARC

LEADER 00000nam a22000003a 4500
001 stu89077
005 20150408175219.1
008 040720s1986----cs------------------cze-d
040 |a STU  |b slo 
041 0 |a cze 
044 |a cs 
080 |a 624.014(075.8)  |7 stu_us_auth*stu3961 
080 |a 624.011.1(075.8) 
245 |a Kovové a dřevěné konstrukce :  |b Konstrukce vodohospodářských staveb 
260 |a Brno :  |b Vysoké učení technické v Brně,  |c 1986 
300 |a 176 s 
996 |b 284V029380  |c V*25492/S-87  |l VVT  |s A  |a 24  |w stu89077_0001